000 00576cam a22001814a 4500
005 20250605164401.0
008 250528s ||||||||||||||||||||||||d
035 _a24572
040 _aGR-AtMCL
_bgre
_dGR-AtMCL
_eAACR2
245 1 _aCover Story: Harmonized Two-Stage LED Driver Systems
260 _bEe Times Europe,
_c2021
300 _a62
520 _aFast Track for IIoT, Do We Need 6G, Nvidia-ARM Update, Edge AI Status Check, Photonics in Europe, Maker Faire Rome.
700 1 _aPele Anne Francoise
_99414
942 _cCR
999 _c9443
_d9443